000 00402nam a2200157Ia 4500
005 20250218143313.0
008 231217s9999 xx 000 0 und d
020 _a9788131401033
082 _a658.827 SHA;1 R
100 _aShanthi, N M.
245 0 _aBranding services : global perspective
260 _c2006
_bIcfai
_aHyderabad
300 _aix, 213
650 _aBranding,global
942 _cAA
999 _c186844
_d186844